<?xml version="1.0" encoding="UTF-8"?><?xml-stylesheet type="text/xsl" href="static/style.xsl"?><OAI-PMH xmlns="http://www.openarchives.org/OAI/2.0/" xmlns:xsi="http://www.w3.org/2001/XMLSchema-instance" xsi:schemaLocation="http://www.openarchives.org/OAI/2.0/ http://www.openarchives.org/OAI/2.0/OAI-PMH.xsd"><responseDate>2026-04-13T13:41:24Z</responseDate><request verb="GetRecord" identifier="oai:www.recercat.cat:2117/355008" metadataPrefix="marc">https://recercat.cat/oai/request</request><GetRecord><record><header><identifier>oai:recercat.cat:2117/355008</identifier><datestamp>2025-07-17T16:36:07Z</datestamp><setSpec>com_2072_1033</setSpec><setSpec>col_2072_452951</setSpec></header><metadata><record xmlns="http://www.loc.gov/MARC21/slim" xmlns:dcterms="http://purl.org/dc/terms/" xmlns:xsi="http://www.w3.org/2001/XMLSchema-instance" xmlns:doc="http://www.lyncode.com/xoai" xsi:schemaLocation="http://www.loc.gov/MARC21/slim http://www.loc.gov/standards/marcxml/schema/MARC21slim.xsd">
   <leader>00925njm 22002777a 4500</leader>
   <datafield ind2=" " ind1=" " tag="042">
      <subfield code="a">dc</subfield>
   </datafield>
   <datafield ind2=" " ind1=" " tag="720">
      <subfield code="a">López Pizarro, Iván</subfield>
      <subfield code="e">author</subfield>
   </datafield>
   <datafield ind2=" " ind1=" " tag="260">
      <subfield code="c">2021-07-15</subfield>
   </datafield>
   <datafield ind2=" " ind1=" " tag="520">
      <subfield code="a">En aquest TFG es pretén mostrar un mètode o forma de validar i reconstruir dades i representar les petjades hídrica i carbònica gràfica i alfanumèrica d’una forma intuïtiva i fàcil d’entendre. Aquesta representació permet tenir totes les dades recollides i prendre consciència fins a quin punt arriba l’impacte ambiental. Treballarem amb el programa MATLAB. Partim d’unes dades expressades en m3 d’aigua que s’envien, per unes canonades, des d’Abrera (entrades) fins a uns dipòsits de Terrassa (sortides). El primer que fem és passar aquestes dades entrades-sortides d’uns arxius XLXS, és a dir, d’un arxiu de full de càlcul Excel, a uns vectors en MATLAB. Amb aquests vectors trobarem els valors de la recta per mínims quadrats que correlaciona les dades entrades-sortides. Amb la distància dels valors d’entrada-sortida respecte de la recta calcularem la desviació estàndard i determinarem els valors que estan més allunyats de la desviació estàndard i que considerarem que són valors a invalidar. Una vegada identificats els dies invalidats comença la fase de reconstrucció per poder fer els correctes càlculs de la petjada carbònica. El que fem per fer la reconstrucció de dades és comparar els valors enviats pels sensors ubicats a l’entrada i sortida de les canonades amb el promig dels valors dels sensors dels dies vàlids anterior i posterior. Tots aquells valors que es troben més allunyats d’aquest promig són els que reconstruirem substituintlos pel valor de la recta en aquest dia. Una vegada ja tenim totes les dades correctament validades i reconstruïdes ja podem calcular la petjada carbònica. Calculem kg de CO2 diaris enviats a la atmosfera, apliquem un factor “K” establert per passar de m3 a kWh que després multiplicarem per un factor ecològic que ens ve donat per la companyia elèctrica. Si finalment sumem tots els resultats diaris que tenim obtenim el càlcul de l’emissió anual de kg de CO2 a l’atmosfera</subfield>
   </datafield>
   <datafield tag="653" ind2=" " ind1=" ">
      <subfield code="a">Àrees temàtiques de la UPC::Informàtica::Automàtica i control</subfield>
   </datafield>
   <datafield tag="653" ind2=" " ind1=" ">
      <subfield code="a">Data transmission systems</subfield>
   </datafield>
   <datafield tag="653" ind2=" " ind1=" ">
      <subfield code="a">Environmental impact analysis</subfield>
   </datafield>
   <datafield tag="653" ind2=" " ind1=" ">
      <subfield code="a">Water consumption</subfield>
   </datafield>
   <datafield tag="653" ind2=" " ind1=" ">
      <subfield code="a">Greenhouse gases</subfield>
   </datafield>
   <datafield tag="653" ind2=" " ind1=" ">
      <subfield code="a">Water -- Distribution</subfield>
   </datafield>
   <datafield tag="653" ind2=" " ind1=" ">
      <subfield code="a">Dades -- Transmissió</subfield>
   </datafield>
   <datafield tag="653" ind2=" " ind1=" ">
      <subfield code="a">Medi ambient -- Anàlisi d'impacte</subfield>
   </datafield>
   <datafield tag="653" ind2=" " ind1=" ">
      <subfield code="a">Aigua -- Consum -- Aspectes ambientals</subfield>
   </datafield>
   <datafield tag="653" ind2=" " ind1=" ">
      <subfield code="a">Gasos d'efecte hivernacle -- Aspectes ambientals</subfield>
   </datafield>
   <datafield tag="653" ind2=" " ind1=" ">
      <subfield code="a">Aigua -- Distribució</subfield>
   </datafield>
   <datafield ind2="0" ind1="0" tag="245">
      <subfield code="a">Tractament de dades i monitorització de les petjades hídrica i carbònica de la xarxa de distribució d'aigua de Terrassa</subfield>
   </datafield>
</record></metadata></record></GetRecord></OAI-PMH>